000
00308nam a22001337a 4500
008
230612b ||||| |||| 00| 0 eng d
041
_a
eng
080
_2
2ND EDITION
_a
618
082
_a
618LIN
100
_a
15
101
_a
GJINKEKOLOGJI
245
_a
OPERATIVE GYNECOLOGY
_c
LINDE.TE.W.R
942
_2
udc
_c
BK
999
_c
59929
_d
59929